Daily Capital City Riddle #159 - Statistics

General Stats
  • This quiz has been taken 25 times
  • The average score is 30 of 32
Answer Stats
Type Answer % Correct
Alphabet Letter A
100%
Alphabet Letter B
100%
Alphabet Letter I
100%
Alphabet Letter K
100%
Found Letter L
100%
Alphabet Letter P
100%
Alphabet Letter R
100%
Found Letter S
100%
Found Letter U
100%
Alphabet Letter C
95%
Alphabet Letter D
95%
Correctly Placed Letter E
95%
Found Letter E
95%
Alphabet Letter G
95%
Alphabet Letter M
95%
Alphabet Letter N
95%
Found Letter O
95%
Alphabet Letter T
95%
Alphabet Letter W
95%
Alphabet Letter H
91%
Correctly Placed Letter L
91%
Correctly Placed Letter U
91%
Alphabet Letter V
91%
Alphabet Letter Y
91%
Alphabet Letter Z
91%
Alphabet Letter F
86%
Alphabet Letter J
86%
Correctly Placed Letter O
86%
Alphabet Letter Q
86%
Correctly Placed Letter S
86%
Mystery Capital Seoul
86%
Alphabet Letter X
86%
No matching quizzes found
Score Distribution
Percent of People with Each Score
Percentile by Number Answered
Your Score History
You have not taken this quiz